<?xml version="1.0" encoding="UTF-8"?>
<record
    xmlns:xsi="http://www.w3.org/2001/XMLSchema-instance"
    xsi:schemaLocation="http://www.loc.gov/MARC21/slim http://www.loc.gov/standards/marcxml/schema/MARC21slim.xsd"
    xmlns="http://www.loc.gov/MARC21/slim">

  <leader>03516nam a2200421 a 4500</leader>
  <controlfield tag="001">dia_2632</controlfield>
  <controlfield tag="003">CHAP</controlfield>
  <controlfield tag="005">20250625132024.0</controlfield>
  <controlfield tag="007">ta</controlfield>
  <controlfield tag="008">220117s2002    mx ado fr     001 0 spa d</controlfield>
  <datafield tag="010" ind1=" " ind2=" ">
    <subfield code="a">173150</subfield>
  </datafield>
  <datafield tag="020" ind1=" " ind2=" ">
    <subfield code="a">970-24-0327-8</subfield>
  </datafield>
  <datafield tag="040" ind1=" " ind2=" ">
    <subfield code="c">CHAP</subfield>
    <subfield code="a">mxchpua</subfield>
    <subfield code="e">rda</subfield>
  </datafield>
  <datafield tag="041" ind1=" " ind2=" ">
    <subfield code="a">spa</subfield>
    <subfield code="b">spa</subfield>
    <subfield code="f">spa</subfield>
    <subfield code="h">eng</subfield>
  </datafield>
  <datafield tag="050" ind1="1" ind2=" ">
    <subfield code="a">TA357</subfield>
    <subfield code="b">.C76 2002</subfield>
  </datafield>
  <datafield tag="082" ind1=" " ind2=" ">
    <subfield code="2">20</subfield>
    <subfield code="a">620.106 </subfield>
    <subfield code="b">C76 2002</subfield>
  </datafield>
  <datafield tag="100" ind1="1" ind2=" ">
    <subfield code="a">Crowe, Clayton T.</subfield>
    <subfield code="9">153276</subfield>
  </datafield>
  <datafield tag="240" ind1="1" ind2="0">
    <subfield code="a">Engineering fluid mechanics.</subfield>
    <subfield code="l">Espa&#xF1;ol</subfield>
  </datafield>
  <datafield tag="245" ind1="1" ind2="0">
    <subfield code="a">Mec&#xE1;nica de fluidos /</subfield>
    <subfield code="c">Clayton T. Crowe, Donald F. Elger y John A. Roberson ; traductor Jorge H. Romo</subfield>
  </datafield>
  <datafield tag="250" ind1=" " ind2=" ">
    <subfield code="a">1a edici&#xF3;n</subfield>
  </datafield>
  <datafield tag="264" ind1=" " ind2=" ">
    <subfield code="a">M&#xE9;xico :</subfield>
    <subfield code="b">Continental,</subfield>
    <subfield code="c">2002</subfield>
  </datafield>
  <datafield tag="300" ind1=" " ind2=" ">
    <subfield code="a">xi, 711 p&#xE1;ginas :</subfield>
    <subfield code="b">ilustraciones, gr&#xE1;ficas, diagramas, tablas, fotos</subfield>
  </datafield>
  <datafield tag="336" ind1=" " ind2=" ">
    <subfield code="2">rdacontent</subfield>
    <subfield code="a">texto</subfield>
    <subfield code="b">txt</subfield>
  </datafield>
  <datafield tag="337" ind1=" " ind2=" ">
    <subfield code="2">rdamedia</subfield>
    <subfield code="a">no mediado</subfield>
    <subfield code="b">n</subfield>
  </datafield>
  <datafield tag="338" ind1=" " ind2=" ">
    <subfield code="2">rdacarrier</subfield>
    <subfield code="a">volumen</subfield>
    <subfield code="b">nc</subfield>
  </datafield>
  <datafield tag="504" ind1=" " ind2=" ">
    <subfield code="a">Incluye bibliograf&#xED;as</subfield>
  </datafield>
  <datafield tag="505" ind1="0" ind2=" ">
    <subfield code="a">Prefacio --
1. Introducci&#xF3;n --
2. Propiedades de los fluidos --
3. Est&#xE1;tica de los fluidos --
4. Fluidos en movimiento --
5. Variaci&#xF3;n de presi&#xF3;n en fluidos en movimiento --
6. Principio de la cantidad de movimiento --
7. Principio de energ&#xED;a --
8. An&#xE1;lisis dimensional y similitud --
9. Resistencia de la superficie --
10. Flujo de conductos --
11. Arrastre y sustentaci&#xF3;n --
12. Flujo comprensible --
13. Mediciones de flujo --
14. Turbomaquinaria --
15.Flujo variado en canales abiertos --
Ap&#xE9;ndice --
Respuestas --
&#xCD;ndice</subfield>
  </datafield>
  <datafield tag="520" ind1="2" ind2=" ">
    <subfield code="a">Pensamos que la mayor&#xED;a de los estudiantes que ingresan al primer curso de mec&#xE1;nica de fluidos tienen una mayor intuici&#xF3;n y confianza sobre la mec&#xE1;nica de s&#xF3;lidos que sobre la mec&#xE1;nica de fluidos. Por lo tanto, es necesario ayudarlos de manera decidida a obtener esa "primera impresi&#xF3;n" de patrones de flujo, variaci&#xF3;n de presi&#xF3;n y esfuerzo cortante en flujo de fluidos. Hemos tratado de presentar estos conceptos en una forma clara y elemental, para que los estudiantes desarrollen confianza en el tema y puedan continuar con temas m&#xE1;s complejos con relativa facilidad. Hemos llevado a cabo esto dentro del texto de la siguiente manera: " Se ha hecho uso abundante de fotograf&#xED;as y dibujos en las descripciones de los fen&#xF3;menos de flujo de fluidos, as&#xED; como en los enunciados de los problemas. Este m&#xE9;todo visual est&#xE1; pensado para complementar las descripciones matem&#xE1;ticas de los conceptos b&#xE1;sicos. " Se han incluido casi todos los pasos de la deducci&#xF3;n de ecuaciones. junto con descripciones verbales completas para ayudar al estudiante a dar seguimiento a la deducci&#xF3;n. Hemos tratado de ser especialmente claros en las deducciones que comprenden ecuaciones b&#xE1;sicas de vol&#xFA;menes de control, la ecuaci&#xF3;n de continuidad, la ecuaci&#xF3;n de energ&#xED;a y la ecuaci&#xF3;n de cantidad de movimiento. " Se ha incluido una amplia variedad de problemas. Algunos de ellos se con centran en ideas conceptuales con un m&#xED;nimo de an&#xE1;lisis; estos problemas ayudan a *encauzar" al estudiante en la direcci&#xF3;n correcta respecto a conceptos y principios b&#xE1;sicos. Se han incluido numerosos problemas de ejemplo. </subfield>
  </datafield>
  <datafield tag="650" ind1="1" ind2="3">
    <subfield code="a">Mec&#xE1;nica de fluidos  </subfield>
    <subfield code="9">73821</subfield>
    <subfield code="2">atg</subfield>
  </datafield>
  <datafield tag="650" ind1="1" ind2="3">
    <subfield code="a">Fluid mechanics</subfield>
    <subfield code="9">153277</subfield>
    <subfield code="2">atg</subfield>
  </datafield>
  <datafield tag="700" ind1="1" ind2=" ">
    <subfield code="a">Elger, Donald F.</subfield>
    <subfield code="9">153278</subfield>
    <subfield code="e">autor</subfield>
  </datafield>
  <datafield tag="700" ind1="1" ind2=" ">
    <subfield code="a">Roberson, John A.</subfield>
    <subfield code="9">97895</subfield>
    <subfield code="e">autor</subfield>
  </datafield>
  <datafield tag="700" ind1="1" ind2=" ">
    <subfield code="a">Romo, Jorge H.</subfield>
    <subfield code="9">153280</subfield>
    <subfield code="e">traductor</subfield>
  </datafield>
  <datafield tag="901" ind1=" " ind2=" ">
    <subfield code="a">620.106 C76 2002</subfield>
  </datafield>
  <datafield tag="902" ind1=" " ind2=" ">
    <subfield code="a">M</subfield>
  </datafield>
  <datafield tag="905" ind1=" " ind2=" ">
    <subfield code="a">5232272002                          mx aimn8222223322spa16</subfield>
  </datafield>
  <datafield tag="942" ind1=" " ind2=" ">
    <subfield code="c">LIBRO</subfield>
    <subfield code="2">ddc</subfield>
  </datafield>
  <datafield tag="999" ind1=" " ind2=" ">
    <subfield code="c">173150</subfield>
    <subfield code="d">173150</subfield>
  </datafield>
  <datafield tag="952" ind1=" " ind2=" ">
    <subfield code="0">0</subfield>
    <subfield code="1">0</subfield>
    <subfield code="2">ddc</subfield>
    <subfield code="4">0</subfield>
    <subfield code="5">5</subfield>
    <subfield code="7">0</subfield>
    <subfield code="8">GRAL</subfield>
    <subfield code="a">IA_</subfield>
    <subfield code="b">IA_</subfield>
    <subfield code="d">2003-09-05</subfield>
    <subfield code="e">Compra </subfield>
    <subfield code="i">C/e</subfield>
    <subfield code="l">2</subfield>
    <subfield code="o">620.106 C76 2002</subfield>
    <subfield code="p">1102005528</subfield>
    <subfield code="r">2023-11-28 00:00:00</subfield>
    <subfield code="s">2023-11-21</subfield>
    <subfield code="t">Ej. 4</subfield>
    <subfield code="w">2022-01-18</subfield>
    <subfield code="y">LIBRO</subfield>
  </datafield>
  <datafield tag="952" ind1=" " ind2=" ">
    <subfield code="0">0</subfield>
    <subfield code="1">0</subfield>
    <subfield code="2">ddc</subfield>
    <subfield code="4">0</subfield>
    <subfield code="5">1</subfield>
    <subfield code="7">0</subfield>
    <subfield code="8">GRAL</subfield>
    <subfield code="a">IA_</subfield>
    <subfield code="b">IA_</subfield>
    <subfield code="d">2003-08-28</subfield>
    <subfield code="e">Compra </subfield>
    <subfield code="i">C/e</subfield>
    <subfield code="l">2</subfield>
    <subfield code="o">620.106 C76 2002</subfield>
    <subfield code="p">1102005510</subfield>
    <subfield code="r">2023-11-22 00:00:00</subfield>
    <subfield code="s">2023-11-22</subfield>
    <subfield code="t">Ej. 1</subfield>
    <subfield code="y">LIBRO</subfield>
  </datafield>
  <datafield tag="952" ind1=" " ind2=" ">
    <subfield code="0">0</subfield>
    <subfield code="1">0</subfield>
    <subfield code="2">ddc</subfield>
    <subfield code="4">0</subfield>
    <subfield code="5">5</subfield>
    <subfield code="7">0</subfield>
    <subfield code="8">GRAL</subfield>
    <subfield code="a">IA_</subfield>
    <subfield code="b">IA_</subfield>
    <subfield code="d">2003-09-05</subfield>
    <subfield code="e">Compra </subfield>
    <subfield code="l">2</subfield>
    <subfield code="m">1</subfield>
    <subfield code="o">620.106 C76 2002</subfield>
    <subfield code="p">1102005526</subfield>
    <subfield code="r">2025-11-04 13:28:59</subfield>
    <subfield code="s">2025-10-16</subfield>
    <subfield code="t">Ej. 2</subfield>
    <subfield code="w">2022-01-18</subfield>
    <subfield code="y">LIBRO</subfield>
  </datafield>
  <datafield tag="952" ind1=" " ind2=" ">
    <subfield code="0">0</subfield>
    <subfield code="1">0</subfield>
    <subfield code="2">ddc</subfield>
    <subfield code="4">0</subfield>
    <subfield code="5">5</subfield>
    <subfield code="7">0</subfield>
    <subfield code="8">GRAL</subfield>
    <subfield code="a">IA_</subfield>
    <subfield code="b">IA_</subfield>
    <subfield code="d">2003-09-05</subfield>
    <subfield code="e">Compra </subfield>
    <subfield code="i">C/e</subfield>
    <subfield code="l">0</subfield>
    <subfield code="o">620.106 C76 2002</subfield>
    <subfield code="p">1102005527</subfield>
    <subfield code="r">2022-01-18 00:00:00</subfield>
    <subfield code="t">Ej. 3</subfield>
    <subfield code="w">2022-01-18</subfield>
    <subfield code="y">LIBRO</subfield>
  </datafield>
</record>
